Lebensmittel mit "C" - Statistiken

Allgemein
  • Dieses Quiz wurde 188 mal gespielt
  • Das Durchschnittsergebnis liegt bei 9 aus 47
Antwortstatistiken
Lebensmittel % Korrekt
Chili
66%
Cola
51%
Chinakohl
47%
Curry
44%
Chicorée
42%
Camembert
40%
Cheddar
38%
Chili con Carne
38%
Champagner
36%
Currywurst
31%
Croissant
28%
Chips
27%
Cayennepfeffer
26%
Cappuccino
25%
Chia
25%
Champignon
23%
Christstollen
22%
Cheeseburger
20%
Clementine
20%
Crème Brûlée
20%
Crème Fraîche
19%
Cabanossi
17%
Chai Latte
17%
Cognac
17%
Couscous
16%
Crêpe
16%
Chicken Nuggets
14%
Cornflakes
14%
Corned Beef
12%
Crouton
12%
Chorizo
11%
Cordon Bleu
11%
Cranberry
11%
Cherrytomate
10%
Cookie
9%
Cantaloupe-Melone
8%
Chopsuey
8%
Cocktail
8%
Cashew
7%
Ciabatta
7%
Curcuma
7%
Calzone
6%
Cannelloni
6%
Cornichon
5%
Caipirinha
4%
Chester
4%
Carpaccio
3%
Keine übereinstimmenden Quizze gefunden
Verteilung der Resultate
Anzahl Personen mit jedem Resultat
Perzentil nach korrekt beantworteten Fragen
Ihre Resultats-Entwicklung
Sie haben dieses Quiz noch nicht gespielt